Žena v konfliktním rozhovoru
Guardado en:
| Autor principal: | |
|---|---|
| Otros Autores: | |
| Formato: | Libro |
| Lenguaje: | checo |
| Publicado: |
Praha
Grada Publishing
2005
|
| Materias: | |
| Etiquetas: |
Sin Etiquetas, Sea el primero en etiquetar este registro!
|
MARC
| LEADER | 00000nam$a2200000$$$4500 | ||
|---|---|---|---|
| 001 | 0040860 | ||
| 005 | 20240313133658.7 | ||
| 020 | |a 80-247-1127-3 | ||
| 041 | 0 | |a cze | |
| 044 | |a CZ | ||
| 245 | 1 | 0 | |a Žena v konfliktním rozhovoru |c Nele Haasen ; přeložila: Jana Bílková |
| 264 | 1 | |a Praha |b Grada Publishing |c 2005 | |
| 300 | |a 166 s. | ||
| 610 | 2 | 0 | |a konflikty |
| 610 | 2 | 0 | |a rozhovor |
| 610 | 2 | 0 | |a komunikácia |
| 610 | 2 | 0 | |a vzťahy medziľudské |
| 610 | 2 | 0 | |a psychológia |
| 610 | 2 | 0 | |a ženy |
| 610 | 2 | 0 | |a správanie |
| 100 | 1 | |a Haasen, Nele | |
| 700 | 1 | |a Bílková, Jana | |